| 000 | 00514cam a22001577a 4500 | ||
|---|---|---|---|
| 008 | 180718b1996 xxu||||| |||| 00| 0 eng d | ||
| 082 | _aAPPPA 95-96 NAS | ||
| 100 | _aNaseem Ahmad | ||
| 245 |
_aStudy on the applicability of the doctrine of promissory estoppel against the state _cby Naseem Ahmad |
||
| 260 |
_aNew Delhi _bIndian Institute of Public Administration _c1996 |
||
| 300 | _a149p. | ||
| 650 | _aAPPPA | ||
| 650 | _aLaw commission - India | ||
| 650 | _aLaw - India | ||
| 650 | _aPromissory notes - India | ||
| 999 |
_c481465 _d481465 |
||